|
|
|
|
| LEADER |
00000nam0a2200000 4500 |
| 001 |
100566 |
| 005 |
20231031112138.0 |
| 010 |
|
|
|a 5699150471
|
| 035 |
|
|
|a (RuTPU)RU\TPU\book\108211
|
| 090 |
|
|
|a 100566
|
| 100 |
|
|
|a 20060824d2006 m y0rusy50 ca
|
| 101 |
1 |
|
|a rus
|c eng
|
| 102 |
|
|
|a RU
|
| 105 |
|
|
|a y z 000ay
|
| 200 |
1 |
|
|a Жена путешественника во времени
|e пер. с англ.
|e роман
|f О. Ниффенеггер
|
| 210 |
|
|
|a Москва
|c Эксмо
|a СПб.
|c Домино
|d 2006
|
| 215 |
|
|
|a 640 с.
|
| 225 |
1 |
|
|a Mona Liza
|
| 330 |
|
|
|a Они познакомились, когда ей было шесть, а ему тридцать шесть. Они поженились, когда ей было двадцать три, а ему тридцать один. Потому что Генри страдает редким генетическим заболеванием - синдромом перемещения во времени; его исчезновения из жизни Клэр непредсказуемы, появления - комичны, травматичны и трагичны одновременно. Впервые на русском - невероятная история невероятной любви.
|
| 610 |
1 |
|
|a американская литература
|
| 610 |
1 |
|
|a романы
|
| 610 |
1 |
|
|a фантастика
|
| 610 |
1 |
|
|a любовь
|
| 675 |
|
|
|a 82
|v 3
|
| 700 |
|
1 |
|a Ниффенеггер
|b О.
|g Одри
|
| 801 |
|
1 |
|a RU
|b 63413507
|c 20060824
|g PSBO
|
| 801 |
|
2 |
|a RU
|b 63413507
|c 20120418
|g PSBO
|
| 942 |
|
|
|c BK
|